Loading...
| Literature - American | 0 | 6 | 1 | 0 | 55 | 47 | 85.00 | 2 | 4 | 18.24 | 41.01 |
| Literature - European | 0 | 5 | 0 | 1 | 50 | 56 | 90.20 | 1 | 4 | 11.29 | 36.51 |
| Literature - British | 0 | 5 | 0 | 0 | 50 | 38 | 73.60 | 0 | 4 | 19.76 | 32.80 |
| Mythology | 0 | 5 | 1 | 0 | 45 | 58 | 78.20 | 0 | 3 | 18.48 | 29.10 |
| Literature - World | 0 | 4 | 1 | 0 | 35 | 54 | 86.75 | 0 | 3 | 11.11 | 24.60 |
| Science - Physics | 0 | 3 | 0 | 2 | 30 | 105 | 106.33 | 0 | 1 | 0.31 | 5.29 |
| History - Other | 0 | 3 | 0 | 2 | 30 | 44 | 88.00 | 0 | 1 | 6.67 | 14.55 |
| Religion | 0 | 3 | 1 | 0 | 25 | 51 | 75.00 | 2 | 2 | 13.05 | 20.63 |
| Fine Arts - Painting and Sculpture | 0 | 3 | 1 | 0 | 25 | 47 | 77.67 | 0 | 2 | 9.95 | 18.78 |
| Fine Arts - Classical Music | 0 | 2 | 0 | 0 | 20 | 70 | 100.00 | 1 | 1 | 4.17 | 14.81 |
| History - European | 0 | 2 | 0 | 0 | 20 | 43 | 67.00 | 0 | 1 | 6.92 | 13.76 |
| Philosophy | 0 | 2 | 0 | 1 | 20 | 84 | 94.50 | 0 | 1 | 2.96 | 14.29 |
| Popular Culture | 0 | 2 | 0 | 0 | 20 | 69 | 82.00 | 0 | 0 | 9.11 | 9.92 |
| Social Science | 0 | 2 | 1 | 2 | 15 | 73 | 91.00 | 0 | 0 | 5.61 | 8.33 |
| Science - Biology | 0 | 1 | 1 | 0 | 5 | 103 | 103.00 | 0 | 0 | 0.31 | 3.70 |
| History - World | 0 | 1 | 1 | 0 | 5 | 39 | 39.00 | 1 | 1 | 6.98 | 11.11 |
| Fine Arts - Other | 0 | 0 | 0 | 0 | 0 | 0.00 | 0 | 0 | 0.00 | 0.00 | |
| History - American | 0 | 1 | 2 | 0 | 0 | 75 | 75.00 | 0 | 1 | 3.54 | 4.76 |
| Geography | 0 | 0 | 1 | 0 | -5 | 0.00 | 0 | 0 | 0.00 | 0.00 |